| 000 | 00787nam a22002057a 4500 | ||
|---|---|---|---|
| 001 | 1891769 | ||
| 003 | AM-YEHGA | ||
| 005 | 20250617164645.0 | ||
| 008 | 230317s1962 ru ||||gr|||||||||0|rus|d | ||
| 040 | _aAM-YeHGA | ||
| 041 | 0 | _arus | |
| 245 | 0 | 0 |
_aОрганизация и планирование кредита : _b[Учеб. пособие для учетно-кредитных техникумов] / _cАвт. глав: Н.Д. Барковский, Т.А. Чернышова, В.И. Морсин и др. |
| 250 | _a4-е изд. | ||
| 260 |
_aМосква : _bГосфиниздат, _c1962. |
||
| 300 | _a299 с. | ||
| 650 | 1 | 4 | _aКредит СССР - Учебники и пособия |
| 700 | 1 | _aБарковский, Н.Д. | |
| 942 |
_2udc _cBK |
||
| 090 | _c565347 | ||
| 999 |
_c527360 _d527360 |
||